10 American Countries with the Most Tourists - Statistics

General Stats
  • This quiz has been taken 3,210 times
  • The average score is 9 of 10
Answer Stats
Tourists Country % Correct
32.1 mil Mexico
100%
77.5 mil United States
100%
18.0 mil Canada
99%
6.3 mil Brazil
96%
5.7 mil Argentina
94%
3.0 mil Colombia
92%
3.5 mil Peru
92%
4.5 mil Chile
91%
3.5 mil Cuba
90%
5.6 mil Dominican Republic
78%
No matching quizzes found
Score Distribution
Percent of People with Each Score
Percentile by Number Answered
Your Score History
You have not taken this quiz